000 00503nam a2200193Ia 4500
005 20250423095028.0
008 250422s9999 xx 000 0 und d
020 _a 0131542400
050 _aHD 30.4 .W46/
100 _a David A. Whetten
245 0 _aDeveloping management skills
250 _a6th ed.
260 _aUpper Saddle
260 _bPrentice Hall
260 _c2005
300 _a697 p
650 _a Management --Study and teaching. Management --Problems, exercises
942 _cBK
999 _c29021
_d29021